00746nam a2200205Ia 450000500170000000800410001704100080005808200160006610000400008224500410012226000460016330000080020950000420021765000490025970000400030890600070034894200070035599900170036295201610037920230502185655.0230125s9999 xx 000 0 und d aeng a344.01bPRO aProfessional Book Publishers (Pub.) aThe Societies Registration Act, 1860 c2022bProfessional Book Publisher.aDelhi a74p aBare Acts;Societies Registration Act  aBare Acts;Societies Registration Act9181345 aProfessional Book Publishers (Pub.) b27 cBK c96982d96982 00104070aHIMRbHIMRd2022-03-09ePritam Book Centreg100.00i329l0o344.01 PRO B22310pHIMR-BK-22310r2023-01-25 00:00:00v73.00w2022-03-07yBKzB22310